000 00622nam a22002057a 4500
999 _c6318
_d6318
003 AR-CdUCM
008 190314b ||||| |||| 00| 0 spa d
040 _aMUNICIPALIDAD PROVINCIAL DEL CUSCO
_cBIBLIOTECA MUNICIPAL DEL CUSCO
082 _a869.56 /
_bL26
100 _aLarrabure, Roberto
_918090
245 _aHoy tengo lago que decir!
260 _aLima :
_bCONCYTEC,
_c1989.
300 _a88 páginas ;
_bIlustraciones
_c20 cm
505 _aContenido : Frases y ilustraciones
650 _aPoesía
_9444
650 _aFrases
_918091
650 _aFrases ilustradas
_918092
942 _2ddc
_cLIBROS
945 _admma